Domesticación y pre-mejoramiento de Amarilidáceas nativas con potencial ornamental /
Guardado en:
| Otros Autores: | , |
|---|---|
| Formato: | Manuscrito |
| Idioma: | Spanish |
| Publicado: |
2020.
|
| Materias: | |
| Acceso en línea: | Texto completo |
| Etiquetas: |
Agregar Etiqueta
Sin Etiquetas, Sea el primero en etiquetar este registro!
|
| LEADER | 01438ntm a22003495a 4500 | ||
|---|---|---|---|
| 001 | EEA.libagro011376 | ||
| 008 | 210702s2020####ag#######bm###000#0#spa#d | ||
| 005 | 20220303101644.0 | ||
| 245 | 1 | 0 | |a Domesticación y pre-mejoramiento de Amarilidáceas nativas con potencial ornamental / |c Ana Clara Fernández. |
| 260 | |c 2020. | ||
| 300 | |a xvi, 129 p. : |b il. col. ; |c 30 cm. | ||
| 502 | |a Tesis (doctoral)--Universidad Nacional del Sur. Departamento de Agronomía, 2021. | ||
| 500 | |a "Tesis de Doctorado en Agronomía". | ||
| 500 | |a Director de tesis: Pablo Marinangeli. | ||
| 530 | |a Disponible también en formato digital. | ||
| 504 | |a Incluye referencias bibliográficas. | ||
| 100 | 1 | |a Fernández, Ana Clara. |4 dis | |
| 700 | 1 | |a Marinangeli, Pablo Alejandro. |4 ths | |
| 710 | 2 | |a Universidad Nacional del Sur. |b Departamento de Agronomía |4 dgg. | |
| 082 | 0 | 4 | |a 040 |2 15 |
| 082 | 0 | 4 | |a 633.2 |2 15 |
| 650 | 7 | |a Amaryllidaceae |2 agrovoc | |
| 653 | |a Flora nativa | ||
| 650 | 7 | |a Recursos genéticos vegetales |2 agrovoc | |
| 650 | 7 | |a Domesticación de plantas |2 agrovoc | |
| 650 | 7 | |a Plantas de bulbo ornamentales |2 agrovoc | |
| 650 | 7 | |a Biotecnología vegetal |2 agrovoc | |
| 650 | 7 | |a Fitomejoramiento |2 agrovoc | |
| 653 | |a Habranthus tubispathus | ||
| 653 | |a Zephyranthes filifolia | ||
| 856 | 4 | 1 | |3 Texto completo |u https://repositoriodigital.uns.edu.ar/handle/123456789/5683 |
| 859 | |a AR-BbBCA |b BIB. AGRONOMIA |h 040 |i B148 2021-1779 |p 128007/021 | ||
